| 000 | 00513nam a22001937a 4500 | ||
|---|---|---|---|
| 003 | OSt | ||
| 005 | 20140310184331.0 | ||
| 008 | 121112t xxu||||| |||| 00| 0 eng d | ||
| 020 | _a0439598125 | ||
| 050 |
_aHV 8073 _b.H798 2003 |
||
| 100 |
_aHopping, Lorraine Jean _923828 |
||
| 245 |
_aInside the Crime Lab / _cLorraine Jean Hopping. |
||
| 260 |
_aNew York : _bScholastic Inc., _c2003. |
||
| 300 |
_a64 p. : _bill. ; _c19 cm. |
||
| 521 | _aG5 | ||
| 526 | _c700 | ||
| 942 |
_2lcc _cBK-SCHOLAS |
||
| 999 |
_c33662 _d33662 |
||